Statistics for Australian Robins by Picture!

Click here to take the quiz!

General Stats

  • This quiz has been taken 17 times
  • The average score is 11 of 19

Answer Stats

Answer% Correct
Pink Robin
100%
Eastern Yellow Robin
88%
Flame Robin
88%
Rose Robin
88%
Scarlet Robin
88%
Hooded Robin
75%
Jacky Winter
63%
Mangrove Robin
63%
Pale-yellow Robin
63%
Red-capped Robin
63%
Western Yellow Robin
63%
White-faced Robin
63%
Dusky Robin
50%
Buff-sided Robin
38%
Southern Scrub-robin
38%
Lemon-bellied Flycatcher
25%
Norfolk Robin
25%
Grey-headed Robin
13%
White-browed Robin
13%

Score Distribution

Percentile by Number Answered

Percent of People with Each Score

Your Score History

You have not taken this quiz